<?xml version="1.0" encoding="UTF-8"?>
<record
    xmlns:xsi="http://www.w3.org/2001/XMLSchema-instance"
    xsi:schemaLocation="http://www.loc.gov/MARC21/slim http://www.loc.gov/standards/marcxml/schema/MARC21slim.xsd"
    xmlns="http://www.loc.gov/MARC21/slim">

  <leader>01134nam a2200289   4500</leader>
  <controlfield tag="001">3806234</controlfield>
  <controlfield tag="005">20150522104145.0</controlfield>
  <controlfield tag="007">000</controlfield>
  <controlfield tag="008">000</controlfield>
  <datafield tag="010" ind1=" " ind2=" ">
    <subfield code="a">   85026000 </subfield>
  </datafield>
  <datafield tag="020" ind1=" " ind2=" ">
    <subfield code="a">9024732670</subfield>
  </datafield>
  <datafield tag="020" ind1=" " ind2=" ">
    <subfield code="a">9024732689 (pbk.)</subfield>
  </datafield>
  <datafield tag="040" ind1=" " ind2=" ">
    <subfield code="a">UOEL</subfield>
    <subfield code="c">DLC</subfield>
    <subfield code="d">DLC</subfield>
  </datafield>
  <datafield tag="050" ind1="0" ind2="0">
    <subfield code="a">TD878</subfield>
    <subfield code="b">.I58 1985</subfield>
  </datafield>
  <datafield tag="082" ind1="0" ind2="0">
    <subfield code="a">363.7/396</subfield>
    <subfield code="2">19</subfield>
  </datafield>
  <datafield tag="111" ind1="2" ind2=" ">
    <subfield code="a">International TNO Conference on Contaminated Soil</subfield>
    <subfield code="n">(1st :</subfield>
    <subfield code="d">1985 :</subfield>
    <subfield code="c">Utrecht, Netherlands)</subfield>
  </datafield>
  <datafield tag="245" ind1="1" ind2="0">
    <subfield code="a">Contaminated soil /</subfield>
    <subfield code="c">First International TNO Conference on Contaminated Soil, 11-15 November 1985, Utrecht, The Netherlands ; edited by J.W. Assink, W.J. van den Brink.</subfield>
  </datafield>
  <datafield tag="260" ind1=" " ind2=" ">
    <subfield code="a">Dordrecht ;</subfield>
    <subfield code="a">Boston :</subfield>
    <subfield code="b">M. Nijhoff ;</subfield>
    <subfield code="a">Hingham, MA, USA :</subfield>
    <subfield code="b">[Distributor] for the U.S. and Canada, Kluwer Academic Publishers,</subfield>
    <subfield code="c">1986.</subfield>
  </datafield>
  <datafield tag="300" ind1=" " ind2=" ">
    <subfield code="a">xvii, 923 p. :</subfield>
    <subfield code="b">ill. ;</subfield>
    <subfield code="c">25 cm.</subfield>
  </datafield>
  <datafield tag="504" ind1=" " ind2=" ">
    <subfield code="a">Includes bibliographies.</subfield>
  </datafield>
  <datafield tag="650" ind1=" " ind2="0">
    <subfield code="a">Soil pollution</subfield>
    <subfield code="x">Congresses.</subfield>
  </datafield>
  <datafield tag="700" ind1="1" ind2=" ">
    <subfield code="a">Assink, J. W.</subfield>
  </datafield>
  <datafield tag="700" ind1="1" ind2=" ">
    <subfield code="a">Brink, W. J. van den.</subfield>
  </datafield>
  <datafield tag="710" ind1="2" ind2=" ">
    <subfield code="a">Nederlandse Centrale Organisatie voor Toegepast-Natuurwetenschappelijk Onderzoek.</subfield>
  </datafield>
  <datafield tag="906" ind1=" " ind2=" ">
    <subfield code="a">7</subfield>
    <subfield code="b">cbc</subfield>
    <subfield code="c">orignew</subfield>
    <subfield code="d">1</subfield>
    <subfield code="e">ocip</subfield>
    <subfield code="f">19</subfield>
    <subfield code="g">y-gencatlg</subfield>
  </datafield>
  <datafield tag="942" ind1=" " ind2=" ">
    <subfield code="2">lcc</subfield>
    <subfield code="c">LL</subfield>
  </datafield>
  <datafield tag="999" ind1=" " ind2=" ">
    <subfield code="c">8356</subfield>
    <subfield code="d">8356</subfield>
  </datafield>
  <datafield tag="952" ind1=" " ind2=" ">
    <subfield code="0">0</subfield>
    <subfield code="1">0</subfield>
    <subfield code="2">lcc</subfield>
    <subfield code="4">0</subfield>
    <subfield code="7">0</subfield>
    <subfield code="a">UOE</subfield>
    <subfield code="b">UOE</subfield>
    <subfield code="c">GEN</subfield>
    <subfield code="d">2015-05-22</subfield>
    <subfield code="l">0</subfield>
    <subfield code="o">TD878 .I58 1985</subfield>
    <subfield code="p">20009832</subfield>
    <subfield code="r">2015-05-22 00:00:00</subfield>
    <subfield code="t">20009832</subfield>
    <subfield code="w">2015-05-22</subfield>
    <subfield code="y">LL</subfield>
  </datafield>
</record>
